Fruit and vegetable production in warm climates (Record no. 14291)

MARC details
000 -LEADER
fixed length control field 00450nam a22001697a 4500
003 - CONTROL NUMBER IDENTIFIER
control field OSt
005 - DATE AND TIME OF LATEST TRANSACTION
control field 20211022094749.0
008 - FIXED-LENGTH DATA ELEMENTS--GENERAL INFORMATION
fixed length control field 211022b |||||||| |||| 00| 0 eng d
020 ## - INTERNATIONAL STANDARD BOOK NUMBER
International Standard Book Number 0-333-46850-3
040 ## - CATALOGING SOURCE
Transcribing agency Hawassa University
050 ## - LIBRARY OF CONGRESS CALL NUMBER
Classification number 634/RIC
Item number 9
082 ## - DEWEY DECIMAL CLASSIFICATION NUMBER
Classification number 634/RIC
Item number 9
100 ## - MAIN ENTRY--PERSONAL NAME
Personal name Rice R.P.
9 (RLIN) 15005
245 ## - TITLE STATEMENT
Title Fruit and vegetable production in warm climates
260 ## - PUBLICATION, DISTRIBUTION, ETC.
Place of publication, distribution, etc. Hong Kong
Name of publisher, distributor, etc. Macmillan Press
Date of publication, distribution, etc. 1987
942 ## - ADDED ENTRY ELEMENTS (KOHA)
Source of classification or shelving scheme Dewey Decimal Classification
Koha item type Books like text book referance book
Suppress in OPAC No
Holdings
Withdrawn status Lost status Source of classification or shelving scheme Damaged status Not for loan Home library Current library Date acquired Full call number Barcode Date last seen Copy number Price effective from Koha item type Total Checkouts
    Dewey Decimal Classification     College of Agriculture Library College of Agriculture Library 10/22/2021 634/RIC ALIB0010337 10/22/2021 1 10/22/2021 Books like text book referance book  
    Dewey Decimal Classification     College of Agriculture Library College of Agriculture Library 10/22/2021 634/RIC ALIB0010338 10/22/2021 2 10/22/2021 Books like text book referance book  
    Dewey Decimal Classification     College of Agriculture Library College of Agriculture Library 10/22/2021 634/RIC ALIB0010339 10/22/2021 3 10/22/2021 Books like text book referance book  
    Dewey Decimal Classification     College of Agriculture Library College of Agriculture Library 10/22/2021 634/RIC ALIB0010340 10/22/2021 4 10/22/2021 Books like text book referance book  
    Dewey Decimal Classification     College of Agriculture Library College of Agriculture Library 10/22/2021 634/RIC ALIB0010341 10/22/2021 5 10/22/2021 Books like text book referance book  
    Dewey Decimal Classification     College of Agriculture Library College of Agriculture Library 10/22/2021 634/RIC ALIB0010342 10/22/2021 6 10/22/2021 Books like text book referance book  
    Dewey Decimal Classification     College of Agriculture Library College of Agriculture Library 10/22/2021 634/RIC ALIB0010343 10/22/2021 7 10/22/2021 Books like text book referance book  
    Dewey Decimal Classification     College of Agriculture Library College of Agriculture Library 10/22/2021 634/RIC ALIB0010344 10/22/2021 8 10/22/2021 Books like text book referance book  
    Dewey Decimal Classification     College of Agriculture Library College of Agriculture Library 10/22/2021 634/RIC ALIB0010346 10/22/2021 9 10/22/2021 Books like text book referance book